| 000 | 00000nas 2200000za 4500 |
| 001 | 9.833386 |
| 003 | CaOODSP |
| 005 | 20221107150216 |
| 007 | cr ||||||||||| |
| 008 | 170306d20162017oncar p o f0 a0eng|d |
| 022 | |a2371-9486 |
| 040 | |aCaOODSP|beng |
| 043 | |an-cn--- |
| 086 | 1 |aCP1-14E-PDF |
| 110 | 1 |aCanada. |bCentral Innovation Hub. |
| 222 | 0|aAnnual report |b(Canada. Privy Council Office. Central Innovation Hub) |
| 245 | 10|a... annual report |h[electronic resource]. |
| 246 | 36|aCentral Innovation Hub, Privy Council Office, ... annual report |
| 246 | 1 |iTitle also cited as: |aAnnual report, Central Innovation Hub, Privy Council Office |
| 260 | |a[Ottawa] : |bCentral Innovation Hub, Privy Council Office |
| 310 | |aAnnual |
| 362 | 1 |aBegan with 2016 (First); ceased with 2016/2017. |
| 500 | |aIssued also in French under title: ... rapport annuel. |
| 500 | |a"The Innovation Hub." |
| 692 | 07|2gccst|aAnnual reports |
| 692 | 07|2gccst|aInnovation |
| 775 | 08|t... rapport annuel |w(CaOODSP)9.833388 |
| 785 | 00|tAnnual report |w(CaOODSP)9.861099 |